The geochemical characteristics of loesses and paleosols in the South-Eastern Transdanube (Hungary)

This paper deals with a study on loesses and paleosols in the South-Eastern Transdanube. Four types of the sediments (loess, derasional loess, humic loess horizon, chernozem-like steppe soil) from the profiles of the Dunaûjvâros-Tâpiôsiily and the Mende-Basaharc loess formations were examined. Loess...

Teljes leírás

Elmentve itt :
Bibliográfiai részletek
Szerzők: Hum László
Fényes József
Dokumentumtípus: Cikk
Megjelent: University of Szeged, Department of Mineralogy, Geochemistry and Petrology Szeged 1995
Sorozat:Acta mineralogica-petrographica 36
Kulcsszavak:Kőzettan, Ásványtan, Földtan, Geokémia
Tárgyszavak:
Online Access:http://acta.bibl.u-szeged.hu/24825
LEADER 02104nab a2200229 i 4500
001 acta24825
005 20220727111338.0
008 161017s1995 hu o 0|| eng d
022 |a 0365-8066 
040 |a SZTE Egyetemi Kiadványok Repozitórium  |b hun 
041 |a eng 
100 1 |a Hum László 
245 1 4 |a The geochemical characteristics of loesses and paleosols in the South-Eastern Transdanube (Hungary)  |h [elektronikus dokumentum] /  |c  Hum László 
260 |a University of Szeged, Department of Mineralogy, Geochemistry and Petrology  |b Szeged  |c 1995 
300 |a 89-100 
490 0 |a Acta mineralogica-petrographica  |v 36 
520 3 |a This paper deals with a study on loesses and paleosols in the South-Eastern Transdanube. Four types of the sediments (loess, derasional loess, humic loess horizon, chernozem-like steppe soil) from the profiles of the Dunaûjvâros-Tâpiôsiily and the Mende-Basaharc loess formations were examined. Loesses can be divided into two groups (weakly weathered loess and weathered loess) on the basis of the element composition, which is also affected by paleoclimatic circumstances and weathering processes. Beside an average element composition, the weakly weathered loess is characterized by high carbonate content and low calcite-dolomito ratio. The characteristic element composition of the loesses is considerably changed during the weathering because some elements accumulate and others decrease. There is characteristically lower carbonate content in paleosols than in loesses, but they have higher calcite-dolomite ratio. The humic loess horizons have geochemically an intermediate character between loesses and paleosols. Mineral and element composition of the chernozem-like steppe soils prove that their pedogenesis was more intensive than that of the humic loess horizons. 
650 4 |a Természettudományok 
650 4 |a Föld- és kapcsolódó környezettudományok 
695 |a Kőzettan, Ásványtan, Földtan, Geokémia 
700 0 1 |a Fényes József  |e aut 
856 4 0 |u http://acta.bibl.u-szeged.hu/24825/1/mineralogica_036_089-100.pdf  |z Dokumentum-elérés